Chansons de Céline Dion- Mort subite - Statistics

General Stats
  • This quiz has been taken 370 times
    152 since last reset
  • The average score is 7 of 20
Answers on the Grid
Answers color-coded by a green-red scale on the quiz's grid according to % correct below.
To Love You More
My Heart Will Go On
Je l'aime à mourir
J'irais où tu iras
Ce n'était qu'un rêve
Incognito
Parler à mon père
L'essentiel
L'hymne à l'amour
Je sais pas
Prière païenne
A New Day Has Begun
D'amour ou d'amitié
I Drove All Night
Vole
Ne partez pas
The Power of Love
All By Myself
Pour que tu m'aimes encore
On ne change pas
Where Does My Heart Beat Now
S'il suffisait d'aimer
I'm Alive
That's it
Ashes
Encore une nuit
Comment te dire adieu
Je t'aime
I Surrender
Je suis malade
 
Answer Stats
Answer % Correct
J'irais où tu iras
88%
My Heart Will Go On
67%
Parler à mon père
67%
Pour que tu m'aimes encore
64%
S'il suffisait d'aimer
50%
Prière païenne
47%
D'amour ou d'amitié
43%
All By Myself
42%
I'm Alive
41%
On ne change pas
37%
Je sais pas
33%
Vole
24%
Ce n'était qu'un rêve
22%
The Power of Love
22%
To Love You More
22%
I Drove All Night
17%
Where Does My Heart Beat Now
17%
Incognito
13%
I Surrender
12%
Ashes
11%
No matching quizzes found
Score Distribution
Percent of People with Each Score
Percentile by Number Answered
Your Score History
You have not taken this quiz since the last reset